000
00263nam a2200121 4500
999
_c
10640
_d
10640
003
OSt
005
20220505161931.0
008
220505b ||||| |||| 00| 0 eng d
082
_a
747
100
_a
Franco Magnani
245
_a
Room for the seventies
942
_2
ddc